Central Library OPAC University of Rajshahi

A Comparative Effects of some selected Medicinal Plants on Blood Sugar Level, Lipid Profile and Oral Glucose Tolerance test in Normal and Alloxan-Induced Diabetic Rats / (Record no. 75575)

MARC details
000 -LEADER
fixed length control field 01003ntm a2200253 a 4500
001 - CONTROL NUMBER
control field 75575
003 - CONTROL NUMBER IDENTIFIER
rucl marc code BD-RjUL
005 - DATE AND TIME OF LATEST TRANSACTION
control field 20211209082719.0
008 - FIXED-LENGTH DATA ELEMENTS--GENERAL INFORMATION
fixed length control field 190427s2016 bg a|||| bm|| 00| 0 eng d
035 ## - SYSTEM CONTROL NUMBER
System control number (BD-RjUL)75793
040 ## - CATALOGING SOURCE
Original cataloging agency BD-RjUL
Language of cataloging eng
Transcribing agency BD-RjUL
Modifying agency BD-RjUL
041 ## - LANGUAGE CODE
Language code of text/sound track or separate title eng
082 ## - DEWEY DECIMAL CLASSIFICATION NUMBER
Edition number 23
Classification number 615.321
Author mark and year KHC 2016
100 1# - MAIN ENTRY--PERSONAL NAME
Personal name Khatune, Naznin Ara
9 (RLIN) 231248
245 10 - TITLE STATEMENT
Title A Comparative Effects of some selected Medicinal Plants on Blood Sugar Level, Lipid Profile and Oral Glucose Tolerance test in Normal and Alloxan-Induced Diabetic Rats /
Statement of responsibility, etc. by Naznin Ara Khatune ;
Linkage Supervisor: Mir Imam Ibne Wahed
260 ## - PUBLICATION, DISTRIBUTION, ETC. (IMPRINT)
Place of publication, distribution, etc. Rajshahi :
Name of publisher, distributor, etc. Department of Pharmacy, R. U. ,
Date of publication, distribution, etc. 2016
300 ## - PHYSICAL DESCRIPTION
Pagination xi, 124 leaves :
Illustrations Ill. ;
Size 30 cm.
502 ## - DISSERTATION NOTE
Dissertation note Thesis (Ph. D.) -- Department of Pharmacy, R. U. , 2016
504 ## - BIBLIOGRAPHY, ETC. NOTE
Bibliography, etc References: Leaves 104-124
650 ## - SUBJECT ADDED ENTRY--TOPICAL TERM
Topical term or geographic name as entry element Medicinal plants
General subdivision Analysis
9 (RLIN) 231249
Topical term or geographic name as entry element Pharmacognosy
9 (RLIN) 41021
700 ## - ADDED ENTRY--PERSONAL NAME
Personal name Wahed, Mir Imam Ibne, Supervisor
942 ## - ADDED ENTRY ELEMENTS (KOHA)
Source of classification or shelving scheme Dewey Decimal Classification
Koha item type Theses
Holdings
Lost status Source of classification or shelving scheme Damaged status Not for loan Collection code Permanent Location Current Location Shelving location Date acquired Source of acquisition Total Checkouts Full call number Date last seen Copy number Koha item type
  Dewey Decimal Classification   Not For Loan Theses Central Library, University of Rajshahi Central Library, University of Rajshahi Documentation Section 17/01/2018 Controller of Examination Office, R. U.   THE 615.321 KHC 2016 27/04/2019 C-1 Theses